000 01096nam a2200241 i 4500
001 160403
003 ES-MaACL
005 20251005063125.0
008 940202s1777 sp |||| | spa d
040 _aCARM
_bspa
100 1 _aMuratori, Ludovico Antonio,
_d1672-1750
_9130289
245 1 0 _aFuerza de la humana fantasia /
_ctratado escrito en italiano por Luis Antonio Muratori ... Con una breve, é histórica narracion de su vida / sacada de otra que por extenso escribió en frances el P. Liboy, Bernabita ; traducelo al castellano ... D. Vicente Maria de Tercilla...
260 _aEn Madrid :
_ben la imprenta de D. Manuel Martin, calle de la Cruz, donde se hallará,
_c1777.
300 _a[12], XXXVI, 362 [i.e. 364], [2] p. ;
_c8\so\p.
500 _aPalau, X, 185926.
597 _aSign.:a-c8, A-Y8, Z6.
597 _aError de pag., repite las p. 15 y 16.
650 7 _aPsicología
_2embne
_916540
700 1 _aTercilla, Vicente María de.
_9133181
852 _aES-MaACL
_jR-1254
_z-- Enc. piel
_x Olim : G-10781
999 _c160403
_d160403